|
|
|
|
| LEADER |
00836nam a22002057a 4500 |
| 008 |
151207t2007 ii ||||| |||| 00| 0 mal d |
| 020 |
|
|
|a 8126416076
|c Rs. 200.00
|
| 041 |
|
|
|a mal
|
| 082 |
|
|
|a 839.82374
|
| 100 |
|
|
|a Gaarder, Jostein
|
| 245 |
|
|
|a സോഫിയുടെ ലോകം /
|c ജോസ്റ്റെയ്ൻ ഗാർഡർ
|
| 246 |
|
|
|a Sophiyude lokam /
|
| 260 |
|
|
|a കോട്ടയം :
|b ഡി. സി. ബുക്ക്സ് ,
|c 2007.
|
| 300 |
|
|
|b 460 p. ;
|
| 541 |
|
|
|a Current Books, Calicut
|
| 546 |
|
|
|a In Malayalam
|
| 653 |
|
|
|a നോവൽ
|a തത്വചിന്തയുടെ ചരിത്രം
|
| 942 |
|
|
|2 ddc
|c BK
|
| 999 |
|
|
|c 273660
|d 273660
|
| 952 |
|
|
|0 0
|1 0
|4 0
|6 839_823740000000000_GAA_S
|7 0
|9 307816
|a PHL
|b PHL
|c ST1
|d 2013-12-23
|i 4836
|l 3
|m 2
|o 839.82374 GAA/S
|p PHL4836
|r 2021-11-08
|s 2021-10-06
|y BK
|